Wellness hotel

Salvato in:
Dettagli Bibliografici
Autore principale: Josai, Tomáš (Autore)
Altri autori: Chmúrny, Ivan (Relatore della tesi)
Natura: Manoscritto Libro
Lingua:slovacco
Pubblicazione: 2019
Soggetti:
Accesso online:http://is.stuba.sk/zp/portal_zp.pl?podrobnosti=144636
https://opac.crzp.sk/?fn=detailBiblioForm&sid=1D69B1A76ABEB527B06DD0387708
Tags: Aggiungi Tag
Nessun Tag, puoi essere il primo ad aggiungerne!!

MARC

LEADER 00000ntm a22000003a 4500
001 stuzp72938
003 SK-STU
005 20230531134709.6
007 ta
008 150427s2015----xo-----f-mn---000-0-slo-d
040 |a STU  |b slo 
041 0 |a slo 
100 1 |a Josai, Tomáš  |u 010180  |k Z4  |4 aut  |U SvF Stavebná fakulta  |T SvF Katedra konštrukcií pozemných stavieb  |X 65287  |U V180  |Y 18  |7 65287 
242 0 1 |a Wellness hotel  |y eng 
245 1 0 |a Wellness hotel 
260 |c 2019 
650 4 |a Wellness hotel  |2 slo 
650 4 |a realizačný projekt  |2 slo 
650 4 |a stavebnotechnické riešenie  |2 slo 
650 4 |a Wellness hotel  |2 eng 
650 4 |a building realization project  |2 eng 
650 4 |a technical-building solution  |2 eng 
700 1 |a Chmúrny, Ivan  |u 010180  |k Z1  |4 ths  |U SvF Stavebná fakulta  |T SvF Katedra konštrukcií pozemných stavieb  |X 865  |U V180  |Y 18  |7 A000000865 
856 4 |u http://is.stuba.sk/zp/portal_zp.pl?podrobnosti=144636 
856 4 |u https://opac.crzp.sk/?fn=detailBiblioForm&sid=1D69B1A76ABEB527B06DD0387708